000 00305nam a22001337a 4500
008 170712b xxu||||| |||| 00| 0 eng d
020 _a087577007304
041 _aeng
080 _a038
100 _a23
101 _aFJA
245 _aWEBSTERS CLSSIC REFERENCE LIBRARY
_cWEBSTER TH
942 _2udc
_cBK
999 _c20349
_d20349